La dirección de proyectos en las organizaciones: cómo utilizar bien el tiempo, las técnicas y la gente (Registro nro. 12904)
[ vista simple ]
| 000 -Cabecera | |
|---|---|
| Campo de control de longitud fija | 01074nam a22003377a 4500 |
| 005 - Fecha y hora de la última transacción | |
| Campo de control | 20250617161332.0 |
| 008 - Elementos de longitud fija--Información general | |
| Campo de control de longitud fija | 210203b2008 xxu||||| |||| 00| 0 spa d |
| 020 ## - International Standard Book Number | |
| Número Internacional Estándar del Libro (ISBN) | 9789506411282 |
| 041 ## - Idioma | |
| Código de idioma | Español |
| 082 ## - Clasificación Decimal Dewey | |
| Número de clasificación | 658.404 D252d |
| 100 ## - Entrada principal--Autor personal | |
| Nombre personal | Davidsonn Frame, J. |
| 9 (RLIN) | 59752 |
| 245 ## - Título propiamente dicho | |
| Título | La dirección de proyectos en las organizaciones: cómo utilizar bien el tiempo, las técnicas y la gente |
| 260 ## - Pie de imprenta | |
| Lugar de publicación, distribución, etc. | Argentina |
| 260 ## - Pie de imprenta | |
| Nombre del editor, distribuidor, etc. | Granica |
| 260 ## - Pie de imprenta | |
| Fecha de publicación, distribución, etc. | 2008 |
| 300 ## - Descripción física | |
| Extensión | 344 páginas |
| 490 ## - Serie | |
| Título de la Serie | Dirección y Administración de Empresas |
| 650 ## - Materia general | |
| Temática (materia general) | GERENCIA DE PROYECTOS |
| 650 ## - Materia general | |
| Temática (materia general) | PROYECTO |
| 650 ## - Materia general | |
| Temática (materia general) | MANAGEMENT DE PROYECTO |
| 650 ## - Materia general | |
| Temática (materia general) | DIRECCIÓN DE PROYECTOS |
| 650 ## - Materia general | |
| Temática (materia general) | CONTEXTO DEL PROYECTO |
| 650 ## - Materia general | |
| Temática (materia general) | EQUIPOS DE TRABAJO |
| 650 ## - Materia general | |
| Temática (materia general) | CARACTERÍSTICAS DE LOS EQUIPOS DE PROYECTO |
| 650 ## - Materia general | |
| Temática (materia general) | PLANIFICACIÓN Y CONTROL DEL PROYECTO |
| 650 ## - Materia general | |
| Temática (materia general) | SOFTWARE PARA LA DIRECCIÓN DE PROYECTOS |
| 650 ## - Materia general | |
| Temática (materia general) | TÉCNICAS PARA EL PROYECTO |
| 650 ## - Materia general | |
| Temática (materia general) | VIDA ORGANIZACIONAL |
| 650 ## - Materia general | |
| Temática (materia general) | ADMINISTRACIÓN DE EMPRESAS |
| 942 ## - Punto de acceso adicional KOHA | |
| Tipo de ítem KOHA | Libro |
| Fuente del sistema de clasificación o colocación | Dewey Decimal Classification |
| Signatura completa | Código de barras | Programa Académico | Tipo de ítem |
|---|---|---|---|
| 658.404 D252d | 25176 | Dirección y Administración de Empresas | Libro |